<?xml version="1.0" encoding="UTF-8"?>
<record
    xmlns:xsi="http://www.w3.org/2001/XMLSchema-instance"
    xsi:schemaLocation="http://www.loc.gov/MARC21/slim http://www.loc.gov/standards/marcxml/schema/MARC21slim.xsd"
    xmlns="http://www.loc.gov/MARC21/slim">

  <leader>01233nam a22002771i 4500</leader>
  <controlfield tag="003">SA_RiAUC</controlfield>
  <controlfield tag="005">20250930123020.0</controlfield>
  <controlfield tag="008">250922s2001____su     g      000 0bara c</controlfield>
  <datafield tag="020" ind1=" " ind2=" ">
    <subfield code="a">996038926X</subfield>
  </datafield>
  <datafield tag="035" ind1=" " ind2=" ">
    <subfield code="a">AUC_OC_277813</subfield>
  </datafield>
  <datafield tag="040" ind1=" " ind2=" ">
    <subfield code="a">SA-MaUQU</subfield>
    <subfield code="b">ara</subfield>
    <subfield code="c">SA-RiAUC</subfield>
    <subfield code="e">rda</subfield>
  </datafield>
  <datafield tag="082" ind1="0" ind2="4">
    <subfield code="a">239.076</subfield>
    <subfield code="q">SA-RiAUC</subfield>
  </datafield>
  <datafield tag="090" ind1=" " ind2=" ">
    <subfield code="a">239.076</subfield>
    <subfield code="b">&#x62E; &#x648; &#x646;</subfield>
  </datafield>
  <datafield tag="100" ind1="1" ind2=" ">
    <subfield code="a">&#x62E;&#x648;&#x646;&#x62F;&#x646;&#x629;&#x60C; &#x633;&#x631;&#x627;&#x62C; &#x628;&#x646; &#x639;&#x645;&#x631;</subfield>
    <subfield code="e">&#x645;&#x624;&#x644;&#x641;.</subfield>
  </datafield>
  <datafield tag="245" ind1="1" ind2="0">
    <subfield code="a">&#x645;&#x62E;&#x62A;&#x635;&#x631; &#x627;&#x644;&#x633;&#x64A;&#x631;&#x629; &#x627;&#x644;&#x630;&#x627;&#x62A;&#x64A;&#x629; &#x644;&#x62E;&#x64A;&#x631; &#x627;&#x644;&#x628;&#x631;&#x64A;&#x629; &#x635;&#x644;&#x649; &#x627;&#x644;&#x644;&#x647; &#x639;&#x644;&#x64A;&#x647; &#x648;&#x622;&#x644;&#x647; &#x648;&#x635;&#x62D;&#x628;&#x647; &#x648;&#x633;&#x644;&#x645; &#x628;&#x637;&#x631;&#x64A;&#x642;&#x629; &#x627;&#x644;&#x633;&#x624;&#x627;&#x644; &#x648;&#x627;&#x644;&#x62C;&#x648;&#x627;&#x628; /</subfield>
    <subfield code="c">&#x633;&#x631;&#x627;&#x62C; &#x628;&#x646; &#x639;&#x645;&#x631; &#x62E;&#x648;&#x646;&#x62F;&#x646;&#x629;.</subfield>
  </datafield>
  <datafield tag="264" ind1=" " ind2="1">
    <subfield code="a">&#x645;&#x643;&#x629; &#x627;&#x644;&#x645;&#x643;&#x631;&#x645;&#x629; :</subfield>
    <subfield code="b">&#x633;&#x631;&#x627;&#x62C; &#x628;&#x646; &#x639;&#x645;&#x631; &#x62E;&#x648;&#x646;&#x62F;&#x646;&#x629;&#x60C;</subfield>
    <subfield code="c">2001</subfield>
  </datafield>
  <datafield tag="300" ind1=" " ind2=" ">
    <subfield code="a">71 &#x635;&#x641;&#x62D;&#x629; &#x61B;</subfield>
    <subfield code="c">22 &#x633;&#x645;</subfield>
  </datafield>
  <datafield tag="336" ind1=" " ind2=" ">
    <subfield code="a">&#x646;&#x635;</subfield>
    <subfield code="b">txt</subfield>
    <subfield code="2">rdacontent</subfield>
    <subfield code="3">&#x643;&#x62A;&#x627;&#x628;</subfield>
  </datafield>
  <datafield tag="337" ind1=" " ind2=" ">
    <subfield code="a">&#x628;&#x62F;&#x648;&#x646; &#x648;&#x633;&#x64A;&#x637;</subfield>
    <subfield code="b">n</subfield>
    <subfield code="2">rdamedia</subfield>
  </datafield>
  <datafield tag="338" ind1=" " ind2=" ">
    <subfield code="a">&#x645;&#x62C;&#x644;&#x62F;</subfield>
    <subfield code="b">nc</subfield>
    <subfield code="2">rdacarrier</subfield>
  </datafield>
  <datafield tag="600" ind1="0" ind2="7">
    <subfield code="a">&#x645;&#x62D;&#x645;&#x62F; (&#x635;&#x644;&#x649; &#x627;&#x644;&#x644;&#x647; &#x639;&#x644;&#x64A;&#x647; &#x648;&#x633;&#x644;&#x645;)&#x60C;</subfield>
    <subfield code="d">53 &#x642;&#x628;&#x644; &#x627;&#x644;&#x647;&#x62C;&#x631;&#x629;-11 &#x647;&#x62C;&#x631;&#x64A;</subfield>
    <subfield code="v">&#x627;&#x62E;&#x62A;&#x628;&#x627;&#x631;&#x627;&#x62A;&#x60C; &#x623;&#x633;&#x626;&#x644;&#x629;&#x60C; &#x625;&#x644;&#x62E;.</subfield>
    <subfield code="2">aucnm</subfield>
  </datafield>
  <datafield tag="650" ind1=" " ind2="7">
    <subfield code="a">&#x627;&#x644;&#x633;&#x64A;&#x631;&#x629; &#x627;&#x644;&#x646;&#x628;&#x648;&#x64A;&#x629;</subfield>
    <subfield code="v">&#x627;&#x62E;&#x62A;&#x628;&#x627;&#x631;&#x627;&#x62A;&#x60C; &#x623;&#x633;&#x626;&#x644;&#x629;&#x60C; &#x625;&#x644;&#x62E;.</subfield>
    <subfield code="2">aucsh</subfield>
  </datafield>
  <datafield tag="650" ind1=" " ind2="7">
    <subfield code="a">&#x627;&#x644;&#x633;&#x64A;&#x631;&#x629; &#x627;&#x644;&#x646;&#x628;&#x648;&#x64A;&#x629;</subfield>
    <subfield code="2">aucsh</subfield>
  </datafield>
  <datafield tag="942" ind1=" " ind2=" ">
    <subfield code="2">ddc</subfield>
    <subfield code="c">BOOK</subfield>
    <subfield code="n">0</subfield>
  </datafield>
  <datafield tag="949" ind1=" " ind2=" ">
    <subfield code="a">SA-JeALM</subfield>
    <subfield code="d">250922</subfield>
    <subfield code="u">mohamedma123</subfield>
    <subfield code="n">1</subfield>
  </datafield>
  <datafield tag="952" ind1=" " ind2=" ">
    <subfield code="0">0</subfield>
    <subfield code="1">0</subfield>
    <subfield code="2">ddc</subfield>
    <subfield code="4">0</subfield>
    <subfield code="7">0</subfield>
    <subfield code="a">WAHAB</subfield>
    <subfield code="b">WAHAB</subfield>
    <subfield code="d">2025-09-30</subfield>
    <subfield code="l">0</subfield>
    <subfield code="o">239.076  &#x62E; &#x648; &#x646;</subfield>
    <subfield code="p">000019729</subfield>
    <subfield code="r">2025-09-30 12:29:59</subfield>
    <subfield code="w">2025-09-30</subfield>
    <subfield code="y">BOOK</subfield>
  </datafield>
  <datafield tag="999" ind1=" " ind2=" ">
    <subfield code="c">12242</subfield>
    <subfield code="d">12242</subfield>
  </datafield>
</record>
